Труды. Вып. 26: Брахиоподы нижнего карбона и нижней перми Западного Таймыра (Запись № 13609773)

Подробности
000 -МАРКЕР
контрольное поле 01375nam2a2200277 4500
001 - ИДЕНТИФИКАТОР ЗАПИСИ
контрольное поле rc\2978882
005 - ИДЕНТИФИКАТОР ВЕРСИИ
контрольное поле 20260315062144.0
035 ## - ДРУГИЕ СИСТЕМНЫЕ НОМЕРА
Идентификатор записи (NLR Aleph) 007124458
100 ## - ДАННЫЕ ОБЩЕЙ ОБРАБОТКИ
Данные общей обработки 20110910d1946 u y0rusy50 ca
101 0# - ЯЗЫК РЕСУРСА
Язык текста, звукозаписи и т.д. русский
102 ## - СТРАНА ПУБЛИКАЦИИ ИЛИ ПРОИЗВОДСТВА
Страна публикации Российская Федерация
105 ## - ПОЛЕ КОДИРОВАННЫХ ДАННЫХ: ТЕКСТОВЫЕ МАТЕРИАЛЫ, МОНОГРАФИЧЕСКИЕ
Кодированные данные о монографическом текстовом документе y z |||||
200 1# - ЗАГЛАВИЕ И СВЕДЕНИЯ ОБ ОТВЕТСТВЕННОСТИ
Основное заглавие Брахиоподы нижнего карбона и нижней перми Западного Таймыра
Первые сведения об ответственности Ред. бюро Горно-геол. упр. А.Г. Алексин, Л.И. Грдзелов, Л.В. Громов ... [и др.]. Отв. ред. Б.К. Лихарев
210 ## - ПУБЛИКАЦИЯ, РАСПРОСТРАНЕНИЕ И ДР.
Дата издания, распространения и т.д. 1946
461 #0 - УРОВЕНЬ НАБОРА
Встроенное поле 001rc\2978864
-- 2001#$aТруды$eВып. 1-$fГлавсевморпуть СНК СССР Горно-геол. упр.$vВып. 26
Системный номер (АБИС) связанной записи 6895606
Автор СССР. Главное управление Северного морского пути
Место публикации Ленинград
Дата публикации 1937
Первые сведения об ответственности Главсевморпуть СНК СССР Горно-геол. упр.
Имя издателя, распространителя и т.д. Изд-во Главсевморпути
Сведения, относящиеся к заглавию Вып. 1-
Заглавие Труды
Номер тома Вып. 26
700 #1 - ИМЯ ЛИЦА - ПЕРВИЧНАЯ ОТВЕТСТВЕННОСТЬ
Начальный элемент ввода Эйнор
Часть имени, кроме начального элемента ввода О.Л.
702 #1 - ИМЯ ЛИЦА - ВТОРИЧНАЯ ОТВЕТСТВЕННОСТЬ
Начальный элемент ввода Алексин
Часть имени, кроме начального элемента ввода А.Г.
Код отношения Редактор
702 #1 - ИМЯ ЛИЦА - ВТОРИЧНАЯ ОТВЕТСТВЕННОСТЬ
Начальный элемент ввода Грдзелов
Часть имени, кроме начального элемента ввода Л.И.
Код отношения Редактор
702 #1 - ИМЯ ЛИЦА - ВТОРИЧНАЯ ОТВЕТСТВЕННОСТЬ
Начальный элемент ввода Громов
Часть имени, кроме начального элемента ввода Л.В.
Код отношения Редактор
702 #1 - ИМЯ ЛИЦА - ВТОРИЧНАЯ ОТВЕТСТВЕННОСТЬ
Начальный элемент ввода Лихарев
Часть имени, кроме начального элемента ввода Б.К.
Код отношения Редактор
801 #0 - ИСТОЧНИК ЗАПИСИ
Страна Российская Федерация
Организация NLR
Правила каталогизации psbo
801 #1 - ИСТОЧНИК ЗАПИСИ
Страна Российская Федерация
Организация ELAR
Источник данных rusmarc
852 ## - МЕСТОНАХОЖДЕНИЕ И ШИФР ХРАНЕНИЯ
Идентификатор организации NLR
Шифр хранения (Call Number) Гн02 Г-7/15
942 ## - ДОПОЛНИТЕЛЬНЫЕ ЭЛЕМЕНТЫ ЗАПИСИ (АБИС)
Тип экземпляра АБИС Неопределено
980 ## - КОЛЛЕКЦИЯ
Название коллекции Национальная библиография

Нет доступных экземпляров.